Estudi de cruïlles del tram : millores de seguretat per a invidents / redacció: Ignasi Gustems, Anna Guilera millores de seguretat per a invidents / redacció:
Publicado:
Barcelona :
Diputació de Barcelona. Àrea d'Infraestructures, Urbanisme i Habitatge. [Servei de Projectes, Obres i Manteniment] ,
2004
Descripción Física:
626 p. : il. col. ; 29 cm
Otros Autores:
Guilera, Anna
MARC
| LEADER | 00000nam a2200000Ia 4500 | ||
|---|---|---|---|
| 001 | 21083 | ||
| 008 | 160829s2004 xx 000 0 cat d | ||
| 080 | |a C-3-152 | ||
| 100 | |a Gustems, Ignasi |9 43089 | ||
| 245 | |a Estudi de cruïlles del tram : |b millores de seguretat per a invidents / redacció: |b Ignasi Gustems, Anna Guilera | ||
| 260 | |a Barcelona : |b Diputació de Barcelona. Àrea d'Infraestructures, Urbanisme i Habitatge. [Servei de Projectes, Obres i Manteniment], |c 2004 | ||
| 300 | |a 626 p. : |b il. col. ; |c 29 cm | ||
| 650 | |a Tramvies |x Mesures de seguretat |x Barcelona |9 43090 | ||
| 650 | |a Cecs |9 43091 | ||
| 700 | |a Guilera, Anna |9 43092 | ||
| 710 | 1 | |a Barcelona (Catalunya : Província). |b Servei de Projectes, Obres i Manteniment |9 54367 | |
| 901 | |a Arxiu | ||
| 942 | |n 1 | ||
| 952 | |0 0 |1 0 |4 0 |6 C3152 |7 1 |9 51175 |a Arxiu |b Arxiu |d 2016-12-01 |l 0 |o C-3-152 |p 21083 |r 2016-12-01 00:00:00 |w 2016-12-01 |y ARXIU | ||
| 999 | |c 55018 |d 55018 | ||